Programovanie A - zbierka prednášok (učebná pomôcka na programovanie v jazyku C)

Na minha lista:
Detalhes bibliográficos
Autor principal: Hanák, Ján
Autor Corporativo: Ekonomická univerzita v Bratislave. Fakulta hospodárskej informatiky
Formato: Livro
Idioma:eslovaco
Publicado em: Bratislava Vydavateľstvo EKONÓM 2008
Assuntos:
Tags: Adicionar Tag
Sem tags, seja o primeiro a adicionar uma tag!

MARC

LEADER 00000nam$a2200000$$$4500
001 0070902
005 20240502071840.9
020 |a 978-80-225-2446-9 
041 0 |a slo 
044 |a SK 
245 1 0 |a Programovanie A - zbierka prednášok  |b (učebná pomôcka na programovanie v jazyku C)  |c Ján Hanák 
264 1 |a Bratislava  |b Vydavateľstvo EKONÓM  |c 2008 
300 |a [164] s. 
610 2 0 |a programovanie 
610 2 0 |a jazyky programovacie 
610 2 0 |a využitie počítačov 
610 2 0 |a počítače 
100 1 |a Hanák, Ján 
710 2 |a Ekonomická univerzita v Bratislave. Fakulta hospodárskej informatiky